Guess The American Brands! #39 - Statistics

General Stats
  • This quiz has been taken 18 times
    13 since last reset
  • The average score is 15 of 24
Answer Stats
Picture Answer % Correct
Game Of Thrones
100%
Safari
90%
TJ Maxx
90%
Waffle House
90%
Moana
80%
Power Rangers
80%
Greys Anatomy
70%
Hardees
70%
Hunger Games
70%
Pillsbury
70%
Rice Krispies
70%
Rotten Tomatoes
70%
Scion
70%
3M
60%
Anarchy
60%
Gears Of War
50%
Rocket League
50%
Skyrim
50%
Top Gun
50%
Arnold
40%
MSI
40%
Grateful Dead
30%
Half Life
30%
Periscope
30%
No matching quizzes found
Score Distribution
Percent of People with Each Score
Percentile by Number Answered
Your Score History
You have not taken this quiz since the last reset